Lelaki dari Shatilla
| Format: | Book |
|---|---|
| Published: |
Kuala Lumpur :
DBP ,
1992
|
| Subjects: |
MARC
| LEADER | 00000cam a2200000 7i4500 | ||
|---|---|---|---|
| 001 | 0000006645 | ||
| 002 | 000007167 | ||
| 005 | 20000330.0 | ||
| 020 | |a 983622565X | ||
| 090 | 0 | 0 | |a F |b LEL |
| 245 | 0 | 0 | |a Lelaki dari Shatilla |c diselenggarakan oleh Badrul Risham Naruddin |
| 260 | |a Kuala Lumpur : |b DBP , |c 1992 | ||
| 300 | |a 267 p. ; |c 18 cm. | ||
| 650 | 0 | 0 | |a Short stories, Malay |
| 999 | |a 039395 |b BUKU |c PINJAMAN |e PERPUSTAKAAN KOMUNITI PETALING JAYA | ||
| 999 | |a 039396 |b BUKU |c PINJAMAN |e PERPUSTAKAAN KOMUNITI PETALING JAYA | ||